| 000 | 00406nam a2200157 4500 | ||
|---|---|---|---|
| 001 | 106996 | ||
| 003 | ES-MaACL | ||
| 005 | 20230906184325.0 | ||
| 007 | t| | ||
| 008 | 061121s1913 fr r ||||1| fre d | ||
| 100 | 1 |
_aMoret, Alexandre. _983468 |
|
| 245 | 1 | 0 |
_aMysteres egyptiens / _cAlexandre Moret. |
| 260 |
_aParis : _bArmand Colin, _c1913. |
||
| 300 |
_a326 p. ; _c19 cm. |
||
| 852 |
_aES-MaACL _jF-1056 |
||
| 999 |
_c106996 _d106996 |
||